1525 1614 1934 1200 1967 1923 1310 1730 1456 1741 1798 1560 1833 1182 1344 1292 1249 1965 1228 1238 1687 1597 1101 1771 1738 1977 1537 1510 1025 1816 1215 1237 1013 1648 1367 1437 1047 1050 1360 1708 1332 1635 1221 1238 1838 1615 1161 1518 1054 1417 1052 1475 1888 1249 1347 1346 1641 1548 1126 1108 1841 1017 1577 1177 1701 1053 1448 1854 1055 1584 1060 1081 1912 1564 1416 1002 1397 1258 1554 1606 1029 1009 1188 1814 1967 1645 1328 1729 1357 1278 1966 1029 1300 1336 1723 1109 1600 1231 1982 BCNSPRNW ULIB Ver.6.0+V

เปลี่ยนเป็นภาษาไทย

Change to English
 แสดงรายละเอียดบรรณานุกรม
  กลับหน้าหลัก

Brief Record : Get Marc (ISO 2709) : E-mail record : QR code < ปิดหน้าต่าง
LEADER : 00000nam 2200000uu 4500
001    13399122231
003     ULIB
008    020711s2549 th a 000 0 tha d
020    9749983157
020    9789749983157
090    นว.^bY11จ
100    Yong Sok-gil
245    เจ้าพ่อเลือดทรนง 2/^cYong Sok-gil เขียน,Muzume แปล
260    กรุงเทพฯ :^bsiam inter books,^c2549
300    474 หน้า
500     มี 2 เล่ม
700    (...no)Muzume,^eแปล
945    ^p295^l0^i019594
999    ^aทศพร
รายการนี้ยังไม่มีแท็ก
คุณยังไม่ได้ล็อกอิน คุณสามารถมีกิจกรรมร่วมกับเว็บไซต์ได้ แต่ต้องล็อกอินก่อน ::
  ล็อกอิน

รายการสื่อสารสนเทศ

ลำดับที่ ประเภท เลขเรียก/บาร์โค้ด สถานที่ สถานะ
1. นวนิยาย
นวนิยาย
นว. Y11จ ฉ.1 
  Barcode: 019594
ห้องสมุดวิทยาเขตสวรรค์ประชารักษ์
►นวนิยาย
บนชั้น
  ขอยืม

รายการใกล้เคียง
    ผู้แต่ง [Yong Sok-gil]

BibComment


ยังไม่เคยถูกคอมเมนท์

คอมเมนท์ทรัพยากรรายการนี้
  คอมเมนท์: เจ้าพ่อเลือดทรนง ..


 Copyright 2026. Bcnsprnw @Library